| 000 | 02352nam0a2200337 4500 | ||
|---|---|---|---|
| 001 | RU\NLR\BIBL_A\012655534 | ||
| 005 | 20220316115634.0 | ||
| 010 |
_a978-5-7677-3243-2 _9150 |
||
| 021 |
_aRU _bКН-П-21-051217 _9КН-П-21-4024 |
||
| 035 | _a(NLR Aleph) 012655534 | ||
| 090 |
_a12739578 _c12739578 |
||
| 100 | _a20211201d2020 u y0rusy50 ca | ||
| 101 | 0 | _arus | |
| 102 | _aRU | ||
| 105 | _aa|||j|||000zy | ||
| 181 | 0 |
_ai _baxxe |
|
| 182 | 0 | _an | |
| 200 | 1 |
_aТерапия нервных болезней _eучебное пособие _eдля аудиторной и внеаудиторной самостоятельной работы студентов 4 курса медицинского факультета направлений подготовки "Лечебное дело", "Педиатрия" и клинических ординаторов направления подготовки "Нервные болезни" _fЕ.С. Деомидов, Р.С. Максимов _gответственный редактор: д-р мед. наук, профессор А.В. Голенков _gМинистерство науки и высшего образования Российской Федерации, Федеральное государственное бюджетное образовательное учреждение высшего образования "Чувашский государственный университет имени И.Н. Ульянова" |
|
| 203 |
_aТекст _bвизуальный _cнепосредственный |
||
| 210 |
_aЧебоксары _cИзд-во Чувашского университета _d2020 |
||
| 215 |
_a255 с. _cтабл. _d20 |
||
| 320 | _aБиблиогр.: с. 251-254 (69 назв.) | ||
| 606 | 1 |
_aНервные болезни _jУчебные издания для высших учебных заведений _xТерапия _91271020 _3RU\NLR\AUTH\66205369 |
|
| 686 | 1 | _aР62-5я73 | |
| 700 | 1 |
_aДеомидов _bЕ. С. _gЕвгений Сергеевич |
|
| 701 | 1 |
_7ca _8rus _aМаксимов _bР. С. _cврач-невролог _f1976- _gРадислав Серафимович _9190661 _3RU\NLR\AUTH\770190712 |
|
| 942 | _cBOOK | ||
| 980 | _aNBR | ||
| 980 | _aNB | ||